<?xml version="1.0" encoding="UTF-8"?>
<record
    xmlns:xsi="http://www.w3.org/2001/XMLSchema-instance"
    xsi:schemaLocation="http://www.loc.gov/MARC21/slim http://www.loc.gov/standards/marcxml/schema/MARC21slim.xsd"
    xmlns="http://www.loc.gov/MARC21/slim">

  <leader>01130cam a2200277 a 4500</leader>
  <controlfield tag="001">000018250</controlfield>
  <controlfield tag="005">20200929165424.0</controlfield>
  <controlfield tag="008">730912s1969    sp       b    000 p spa d</controlfield>
  <datafield tag="040" ind1=" " ind2=" ">
    <subfield code="a">DO-SdBNP</subfield>
    <subfield code="b">spa</subfield>
    <subfield code="c">LC</subfield>
    <subfield code="d">BNPHU</subfield>
  </datafield>
  <datafield tag="082" ind1=" " ind2=" ">
    <subfield code="a">849.91</subfield>
    <subfield code="b">O16s</subfield>
  </datafield>
  <datafield tag="245" ind1="0" ind2="0">
    <subfield code="a">Ocho siglos de poes&#xED;a catalana :</subfield>
    <subfield code="b">antolog&#xED;a biling&#xFC;e /</subfield>
    <subfield code="c">selecci&#xF3;n y pr&#xF3;logo J. M. Castellet y Joaquim Molas ; traducci&#xF3;n de los poemas Jos&#xE9; Batll&#xF3; y Jos&#xE9; Corredor Matheos.</subfield>
  </datafield>
  <datafield tag="260" ind1=" " ind2=" ">
    <subfield code="a">Madrid, (Espa&#xF1;a) :</subfield>
    <subfield code="b">Alianza Editorial,</subfield>
    <subfield code="c">1969.</subfield>
  </datafield>
  <datafield tag="300" ind1=" " ind2=" ">
    <subfield code="a">548 p. ;</subfield>
    <subfield code="c">19 cm.</subfield>
  </datafield>
  <datafield tag="490" ind1="1" ind2=" ">
    <subfield code="a">El Libro de bolsillo. Literatura</subfield>
    <subfield code="v">216</subfield>
  </datafield>
  <datafield tag="504" ind1=" " ind2=" ">
    <subfield code="a">Incluye referencias bibliogr&#xE1;ficas: p. 535-536.</subfield>
  </datafield>
  <datafield tag="650" ind1=" " ind2="4">
    <subfield code="a">Poes&#xED;a catalana</subfield>
    <subfield code="9">3127</subfield>
  </datafield>
  <datafield tag="650" ind1=" " ind2="4">
    <subfield code="a">Literatura catalana</subfield>
    <subfield code="9">3128</subfield>
  </datafield>
  <datafield tag="650" ind1=" " ind2="4">
    <subfield code="a">Poes&#xED;a catalana</subfield>
    <subfield code="x">Colecciones</subfield>
    <subfield code="9">39537</subfield>
  </datafield>
  <datafield tag="700" ind1="1" ind2=" ">
    <subfield code="a">Castellet, J. M.</subfield>
    <subfield code="q">(Josep Maria),</subfield>
    <subfield code="d">1926-</subfield>
    <subfield code="e">comp.</subfield>
    <subfield code="9">8961</subfield>
  </datafield>
  <datafield tag="700" ind1="1" ind2=" ">
    <subfield code="a">Molas, Joaquim,</subfield>
    <subfield code="e">comp.</subfield>
    <subfield code="9">39538</subfield>
  </datafield>
  <datafield tag="700" ind1="1" ind2=" ">
    <subfield code="a">Batll&#xF3;, Jos&#xE9;,</subfield>
    <subfield code="d">1939-</subfield>
    <subfield code="e">tr.</subfield>
    <subfield code="9">39539</subfield>
  </datafield>
  <datafield tag="700" ind1="1" ind2=" ">
    <subfield code="a">Corredor Matheos, Jos&#xE9;,</subfield>
    <subfield code="d">1929-</subfield>
    <subfield code="e">tr.</subfield>
    <subfield code="9">39540</subfield>
  </datafield>
  <datafield tag="830" ind1=" " ind2="0">
    <subfield code="a">El Libro de bolsillo :</subfield>
    <subfield code="p">Literatura,</subfield>
    <subfield code="v">216</subfield>
    <subfield code="9">9165</subfield>
  </datafield>
  <datafield tag="910" ind1=" " ind2=" ">
    <subfield code="a">Catalogaci&#xF3;n por copia / LC</subfield>
  </datafield>
  <datafield tag="049" ind1=" " ind2=" ">
    <subfield code="a">BNGR</subfield>
  </datafield>
  <datafield tag="952" ind1=" " ind2=" ">
    <subfield code="0">0</subfield>
    <subfield code="1">0</subfield>
    <subfield code="5">4</subfield>
    <subfield code="7">0</subfield>
    <subfield code="8">MO</subfield>
    <subfield code="a">GR</subfield>
    <subfield code="b">GR</subfield>
    <subfield code="c">CT</subfield>
    <subfield code="d">2010-04-22</subfield>
    <subfield code="i">LF1</subfield>
    <subfield code="l">0</subfield>
    <subfield code="o">849.91 O16s</subfield>
    <subfield code="p">18250-10</subfield>
    <subfield code="r">2020-06-25</subfield>
    <subfield code="w">2020-06-25</subfield>
    <subfield code="y">4</subfield>
    <subfield code="Z">Pr&#xE9;stamo en sala</subfield>
  </datafield>
  <datafield tag="999" ind1=" " ind2=" ">
    <subfield code="c">17771</subfield>
    <subfield code="d">17771</subfield>
  </datafield>
</record>
